<?xml version="1.0" encoding="UTF-8"?>
<record
    xmlns:xsi="http://www.w3.org/2001/XMLSchema-instance"
    xsi:schemaLocation="http://www.loc.gov/MARC21/slim http://www.loc.gov/standards/marcxml/schema/MARC21slim.xsd"
    xmlns="http://www.loc.gov/MARC21/slim">

  <leader>00488nam a22001697a 4500</leader>
  <controlfield tag="003">NUST - PNEC</controlfield>
  <controlfield tag="005">20170116180843.0</controlfield>
  <controlfield tag="008">150822b        xxu||||| |||| 00| 0 eng d</controlfield>
  <datafield tag="020" ind1=" " ind2=" ">
    <subfield code="a">354040578X</subfield>
  </datafield>
  <datafield tag="040" ind1=" " ind2=" ">
    <subfield code="c">LIBRARY</subfield>
  </datafield>
  <datafield tag="082" ind1=" " ind2=" ">
    <subfield code="a">543 WEN</subfield>
  </datafield>
  <datafield tag="100" ind1=" " ind2=" ">
    <subfield code="9">5431</subfield>
    <subfield code="a">Wenclawiak, Bernd; </subfield>
  </datafield>
  <datafield tag="245" ind1=" " ind2=" ">
    <subfield code="a">Quality assurance in analytical chemistry : training and teaching</subfield>
    <subfield code="c">Bernd  Wenclawiak</subfield>
  </datafield>
  <datafield tag="260" ind1=" " ind2=" ">
    <subfield code="c">c2004.</subfield>
  </datafield>
  <datafield tag="650" ind1=" " ind2=" ">
    <subfield code="9">5432</subfield>
    <subfield code="a">Chemistry, Analytic--Quality control</subfield>
    <subfield code="x">MIS</subfield>
  </datafield>
  <datafield tag="942" ind1=" " ind2=" ">
    <subfield code="2">ddc</subfield>
    <subfield code="c">BK</subfield>
  </datafield>
  <datafield tag="999" ind1=" " ind2=" ">
    <subfield code="c">64440</subfield>
    <subfield code="d">64440</subfield>
  </datafield>
  <datafield tag="952" ind1=" " ind2=" ">
    <subfield code="0">0</subfield>
    <subfield code="1">0</subfield>
    <subfield code="2">ddc</subfield>
    <subfield code="4">0</subfield>
    <subfield code="7">0</subfield>
    <subfield code="a">PNEC</subfield>
    <subfield code="b">PNEC</subfield>
    <subfield code="c">REF</subfield>
    <subfield code="d">0000-00-00</subfield>
    <subfield code="l">0</subfield>
    <subfield code="o">543 WEN</subfield>
    <subfield code="p">PNECLIB-027342</subfield>
    <subfield code="r">2015-08-22</subfield>
    <subfield code="w">0000-00-00</subfield>
    <subfield code="y">BK</subfield>
  </datafield>
</record>
